Estudio de la implementación de la herramienta tak-time en un proyecto de construcción
Uloženo v:
| Hlavní autor: | |
|---|---|
| Další autoři: | |
| Médium: | Kniha |
| Jazyk: | Spanish |
| Vydáno: |
[San José ], Costa Rica
2019
|
| Témata: | |
| Tagy: |
Přidat tag
Žádné tagy, Buďte první, kdo vytvoří štítek k tomuto záznamu!
|
MARC
| LEADER | 00000nam a22000007a 4500 | ||
|---|---|---|---|
| 003 | 012993 | ||
| 005 | 20230313134600.0 | ||
| 008 | 190227b2019 cr a|||| ||m| 00| ||spa d | ||
| 040 | |c cru CEDI | ||
| 100 | |9 217 |a Segura Salazar, Alfonso Salomón, 1995- | ||
| 245 | |a Estudio de la implementación de la herramienta tak-time en un proyecto de construcción | ||
| 260 | |a [San José ], Costa Rica |c 2019 | ||
| 300 | |a 157 hoja :ilustraciones a color | ||
| 500 | |a Proyecto de graduación (licenciatura en ingeniería civil)--Universidad de Costa Rica. Facultad de Ingeniería. Escuela de Ingeniería Civil. Departamento. Construcción | ||
| 501 | |a Director de Proyecto de Graduación: Ing. Luis Gustavo Ruiz Cano, M.B.A | ||
| 650 | |x MANUFACTURA AJUSTADA |x INDUSTRIA DE LA CONSTRUCCION - ADMINISTRACION |x CONSTRUCCION SOSTENIBLE |x CONSTRUCCION - PLANIFICACION |9 15698 | ||
| 700 | |9 216 |a Ruiz Cano, Luis Gustavo, 1981- |d Director del TFG | ||
| 942 | |c CEDI |h TFG 8143 |6 TFG_8143_000000000000000 | ||
| 999 | |c 21632 |d 21632 | ||
